Catálogo para el otoño de 1879 y primavera de 1880 / La Hortícola Catalana
Descripción Física:
47 p. ; 21 cm
Materias:
Horticultura -- Catàlegs
MARC
| LEADER | 00000nam a2200000Ia 4500 | ||
|---|---|---|---|
| 001 | 16537 | ||
| 003 | BGR | ||
| 005 | 20260410113644.0 | ||
| 008 | 160829s1879 xx 000 0 cat d | ||
| 080 | |a RF-14-79 | ||
| 245 | |a Catálogo para el otoño de 1879 y primavera de 1880 / La Hortícola Catalana | ||
| 260 | |a Barcelona : |b Establecimientos tipográficos de los Sucesores de Ramirez y C., |c 1879 | ||
| 300 | |a 47 p. ; |c 21 cm | ||
| 590 | |a Abans del títol: La Hortícola Catalana. Establecimiento de horticultura de Felio Camprubí, ... | ||
| 590 | |a Prové de OP-2482. | ||
| 590 | |a Exposició: Obrim l'Arxiu 2008 | ||
| 650 | |a Horticultura |x Catàlegs |9 46998 | ||
| 710 | 2 | |a La Hortícola Catalana |9 71350 | |
| 856 | 4 | |u https://media.diba.cat/diba/fitxers/arxiu/fulletons/bib_16537_1879_baixa.pdf |y Accés lliure | |
| 856 | 4 | |u https://media.diba.cat/diba/fitxers/arxiu/fulletons/bib_16537_1879_baixa.pdf |y Accés lliure | |
| 900 | |a bib_16537_1879_baixa.pdf | ||
| 901 | |a Arxiu | ||
| 942 | |n 1 |2 udc |c MON | ||
| 952 | |0 0 |1 0 |4 0 |6 RF1479 |7 1 |9 53588 |a Arxiu |b Arxiu |d 2016-12-01 |l 0 |o RF-14-79 |p 16537 |r 2016-12-01 00:00:00 |w 2016-12-01 |y ARXIU | ||
| 999 | |c 57454 |d 57454 | ||